Rory Kinnear Filmography - Statistics

General Stats
  • This quiz has been taken 5 times
    3 since last reset
  • The average score is 37 of 112
Answer Stats
Type Year Name % Correct
Web Series 2023-Present The Diplomat
100%
Video Game 2012 007 Legends
33%
TV Mini-Series TBA Amadeus
33%
Podcast 2023 Anna Karenina
33%
TV Show 2009 Ashes to Ashes
33%
Film 2023 Bank of Dave
33%
Film 2025 Bank of Dave 2: The Loan Ranger
33%
TV Show 2011 BBC Proms
33%
TV Show 2009 Beautiful People
33%
TV Show 2011 Black Mirror
33%
TV Film 2019 Brexit
33%
Film 2012 Broken
33%
Theater 2009 Burnt by the Sun
33%
TV Mini-Series 2019 Catherine the Great
33%
TV Show 2007 Comedy Showcase
33%
TV Show 2013-2017 Count Arthur Strong
33%
TV Show 2009 Cranford
33%
Podcast 2022 Crush Hour: A Musical
33%
Film 2014 Cuban Fury
33%
Theater 2003 Cymbeline
33%
Short Film 2016 Daddy My
33%
TV Documentary 2014 Dinner at 11
33%
Audio Story 2011 Doctor Who: Industrial Evolution
33%
Theater 2004-2005 Festen
33%
TV Show 2007 Five Days
33%
Theater 2021-2022 Force Majeure
33%
TV Mini-Series 2004 Ghosts of Albion: Embers
33%
TV Mini-Series 2003 Ghosts of Albion: Legacy
33%
Video Game 2010 GoldenEye 007
33%
TV Mini-Series 2017 Guerrilla
33%
Theater 2004, 2010-2011 Hamlet
33%
Theater 2025 Here We Are
33%
Film 2017 iBoy
33%
TV Show 2018 Inside No. 9
33%
Video Game 2010 James Bond 007: Blood Stone
33%
TV Film 2004 Judas
33%
TV Show 2001 Judge John Deed
33%
Film TBA Learning to Breathe Under Water
33%
TV Film 2010 Lennon Naked
33%
TV Film 2012 Loving Miss Hatto
33%
TV Mini-Series 2013 Lucan
33%
Theater 2018 Macbeth
33%
TV Film 2007 Mansfield Park
33%
Film 2015 Man Up
33%
TV Film 2008 Margaret Thatcher: The Long Walk to Finchley
33%
Theater 2005-2006 Mary Stuart
33%
Theater 2010 Measure for Measure
33%
Film 2022 Men
33%
TV Mini-Series 2002 Menace
33%
TV Mini-Series 2008 Messiah: The Rapture
33%
TV Show 2009 Minder
33%
Film 2010 National Theatre Live: Hamlet
33%
Film 2018 National Theatre Live: Macbeth
33%
Film 2013 National Theatre Live: Othello
33%
Film 2016 National Theatre Live: The Threepenny Opera
33%
Film 2017 National Theatre Live: Young Marx
33%
Film 2021 No Time to Die
33%
Theater 2013 Othello
33%
Web Series 2022 Our Flag Means Death
33%
TV Show 2014-2016 Penny Dreadful
33%
TV Show 2020 Penny Dreadful: City of Angels
33%
Film 2018 Peterloo
33%
Theater 2007 Philistines
33%
TV Show 2017 Quacks
33%
Film 2008 Quantum of Solace
33%
Theater 2008 Revenger's Tragedy
33%
TV Show 2021 Ridley Road
33%
TV Mini-Series 2024 Say Nothing
33%
TV Mini-Series 2005 Secret Smile
33%
TV Show 2005 Silent Witness
33%
Film 2012 Skyfall
33%
TV Mini-Series 2013 Southcliffe
33%
Theater 2006 Southwark Fair
33%
Film 2015 Spectre
33%
TV Mini-Series 2015 The Casual Vacancy
33%
TV Film 2008 The Curse of Steptoe
33%
TV Film 2010 The First Men in the Moon
33%
Playwright 2015 The Herd
33%
TV Show 2012 The Hollow Crown
33%
Film 2014 The Imitation Game
33%
Film 2012 The Last of the Haussmans
33%
Web Series 2024 The Lord of the Rings: The Rings of Power
33%
Theater 2007 The Man of Mode
33%
Film 2024 The Ministry of Ungentlemanly Warfare
33%
TV Mini-Series 2012 The Mystery of Edwin Drood
33%
Film 2023 The Old Man and the Land
33%
Short Film 2016 The Roof
33%
Theater 2003 The School of Night
33%
Theater 2002 The Seagull
33%
TV Mini-Series 2003 The Second Coming
33%
Theater 2003 The Tamer Tamed
33%
Theater 2003-2004 The Taming of the Shrew
33%
Theater 2002 The Tempest
33%
TV Show 2009 The Thick of It
33%
Theater 2016 The Threepenny Opera
33%
Theater 2015 The Trial
33%
Documentary Series 2011 The Trouble with Tolstoy
33%
Web Mini-Series 2025 Toxic Town
33%
Film 2016 Trespass Against Us
33%
TV Show 2002 Ultimate Force
33%
Web Series 2020 Unprecedented: Real Time Theatre from a State of Isolation
33%
TV Show 2010 Vexed
33%
TV Show 2009 Waking the Dead
33%
Web Mini-Series 2018 Watership Down
33%
Theater 2024 White Rabbit, Red Rabbit
33%
Film 2010 Wild Target
33%
Short Film 2009 Wish 143
33%
TV Mini-Series 2011 Women in Love
33%
TV Mini-Series 2019 Years and Years
33%
Theater 2017 Young Marx
33%
Film 2025 All the Devils Are Here
0%
TV Short 2021 The Mezzotint
0%
No matching quizzes found
Score Distribution
Percent of People with Each Score
Percentile by Number Answered
Your Score History
You have not taken this quiz since the last reset